Vuoden 2026 MM-kisojen maiden muodot - Statistics

Yleistilastot
  • Tätä visaa on pelattu 19 kertaa
  • Keskiarvotulos 22 / 42
Vastaustilastot
Kuvavisa Vastaus % Oikein
Yhdysvallat
100%
Australia
80%
Brasilia
80%
Ranska
80%
Meksiko
73%
Norja
73%
Saksa
73%
Egypti
67%
Englanti
67%
Espanja
67%
Etelä-Afrikka
67%
Itävalta
67%
Kroatia
67%
Marokko
67%
Portugali
67%
Sveitsi
67%
Uusi-Seelanti
67%
Alankomaat
60%
Japani
60%
Kanada
60%
Senegal
60%
Algeria
53%
Argentiina
53%
Haiti
47%
Iran
47%
Panama
47%
Saudi-Arabia
47%
Skotlanti
40%
Ecuador
33%
Etelä-Korea
33%
Jordania
33%
Kap Verde
33%
Curaçao
27%
Norsunluurannikko
27%
Paraguay
27%
Tunisia
27%
Uzbekistan
27%
Ghana
20%
Kolumbia
20%
Qatar
20%
Belgia
13%
Uruguay
13%
Ehtoja vastaavia visoja ei löytynyt
Tulosjakauma
Jokaisen tuloksen saaneiden osuus
Persentiili vastausten määrän mukaan
Tuloshistoriasi
Et ole pelannut tätä visaa